| 000 | 00657nam a2200229 a 4500 | ||
|---|---|---|---|
| 001 | 68652 | ||
| 003 | BD-RjUL | ||
| 005 | 20211209081809.0 | ||
| 008 | 170404s1960 nyua|||| b||| 001 0 eng d | ||
| 035 | _a(BD-RjUL)68862 | ||
| 040 |
_aBD-RjUL _beng _cBD-RjUL |
||
| 041 | _aeng | ||
| 082 |
_223 _a571.92 _bPLA 1960 |
||
| 245 |
_aPlant Pathology : _bAn Advanced Treatise / _cJ. G.Horsfall and A.E. Dimond. |
||
| 300 |
_axiii, 675 p. : _bill. ; _c24 cm. |
||
| 504 | _aIncludes Bibliographies and Indexes | ||
| 505 | _aVol. 3 -- | ||
| 650 |
_aPlant diseases _9203480 |
||
| 700 |
_aHorsfall, J. G. _9226322 |
||
| 700 |
_aDimond, A.E. _9226323 |
||
| 942 |
_2ddc _cBK |
||
| 999 |
_c68652 _d68652 |
||